[Event "Orsay-C"]
[Site "Orsay"]
[Date "2009.02.18"]
[Round "4"]
[White "Simon, Benoit"]
[Black "Msellek, Ilyass"]
[Result "1-0"]
[WhiteElo "1876"]
[BlackElo "1846"]
[PlyCount "110"]
[EventDate "2009.02.15"]
[EventType "tourn"]
[EventRounds "7"]
[EventCountry "FRA"]
[SourceTitle "CBM 129 Extra"]
[Source "ChessBase"]
[SourceDate "2009.05.05"]
[SourceVersion "2"]
[SourceVersionDate "2009.05.20"]
[SourceQuality "1"]

1. c4 Nf6 2. Nc3 g6 3. d4 Bg7 4. e4 d6 5. Nf3 0-0 6. Be2 e5 7. 0-0 Nc6 8. d5 Ne7 9. Nd2 Nd7 10. a4 a5 11. Rb1 f5 12. f3 f4 13. b4 axb4 14. Rxb4 g5 15. Ba3 b6 16. Nb5 h5 17. Qc2 Nf6 18. Rfb1 Rb8 19. a5 bxa5 20. R4b3 Ba6 21. c5 Bxb5 22. Bxb5 g4 23. Nc4 Nc8 24. Nxa5 Na7 25. Ba4 Rxb3 26. Rxb3 gxf3 27. gxf3 Ne8 28. Rb7 Nc8 29. Rb8 dxc5 30. Nc6 Qg5+ 31. Qg2 Qh4 32. Rxc8 Qe1+ 33. Qf1 Qe3+ 34. Qf2 Qxa3 35. Bc2 Rf6 36. Rxe8+ Kf7 37. Re7+ Kf8 38. Re6 c4 39. Nd8 Kg8 40. Rxf6 Bxf6 41. Ne6 h4 42. h3 Qa5 43. Kf1 Qa1+ 44. Kg2 Qa5 45. Kh1 Kf7 46. Qe2 Be7 47. Qf2 Bf6 48. Qe2 Be7 49. Kg2 Bd6 50. Nd8+ Ke8 51. Nc6 Qc5 52. Qf2 Qa3 53. Qxh4 Bc5 54. Qh8+ Bf8 55. Qxe5+ Kf7 1-0

[Event "Montigny le Bretonneux-A 7th"]
[Site "Montigny le Bretonneux"]
[Date "2008.10.31"]
[Round "7"]
[White "Simon, Benoit"]
[Black "Msellek, Ilyass"]
[Result "0-1"]
[WhiteElo "1853"]
[BlackElo "1842"]
[PlyCount "122"]
[EventDate "2008.10.25"]
[EventType "tourn"]
[EventRounds "9"]
[EventCountry "FRA"]
[SourceTitle "EXT 2009"]
[Source "ChessBase"]
[SourceDate "2008.11.26"]
[SourceVersion "1"]
[SourceVersionDate "2008.11.26"]
[SourceQuality "1"]

1. c4 Nf6 2. Nc3 g6 3. g3 Bg7 4. Bg2 0-0 5. d3 d6 6. Bg5 Nbd7 7. Qc1 Re8 8. Nf3 c6 9. 0-0 a6 10. d4 Nf8 11. h3 Rb8 12. e4 N6d7 13. Rd1 Qc7 14. Ne2 b5 15. cxb5 axb5 16. Bh6 Bh8 17. Qe3 Ba6 18. Rac1 b4 19. Nf4 Bb5 20. Qb3 e6 21. Ng5 Qa5 22. Qf3 f6 23. Bxf8 Nxf8 24. Ngxe6 Nxe6 25. Nxe6 Rxe6 26. d5 cxd5 27. Rxd5 Qxa2 28. Qg4 Ree8 29. Rc7 Qa5 30. Rc2 Qa6 31. h4 Bc4 32. Rd4 Be6 33. Qf4 Red8 34. Rcd2 Rb6 35. Bf1 Qb7 36. Bg2 Qc7 37. Qe3 b3 38. f4 Bf7 39. Kh2 Rc6 40. f5 Rc2 41. fxg6 hxg6 42. Bf3 Rxd2+ 43. Rxd2 Qc1 44. Bd1 Rb8 45. Qd4 Qc5 46. Qd3 f5 47. exf5 Qxf5 48. Qxd6 Be5 49. Qd3 Qxd3 50. Rxd3 Bxb2 51. Kg2 Bc1 52. Bxb3 Rxb3 53. Rd1 Ba3 54. Rd2 Rb2 55. Rf2 Bd5+ 56. Kf1 Rxf2+ 57. Kxf2 Bc5+ 58. Ke2 Kg7 59. g4 Kf6 60. h5 g5 61. Kd3 Bf3 0-1

[Event "Orsay op"]
[Site "Orsay"]
[Date "2008.03.06"]
[Round "4"]
[White "Simon, Benoit"]
[Black "Wilson, Alexandra"]
[Result "0-1"]
[WhiteElo "1880"]
[BlackElo "2070"]
[PlyCount "100"]
[EventDate "2008.03.06"]
[EventType "swiss"]
[EventRounds "7"]
[EventCountry "FRA"]
[SourceTitle "EXT 2010"]
[Source "ChessBase"]
[SourceDate "2010.11.25"]
[SourceVersion "1"]
[SourceVersionDate "2010.11.25"]
[SourceQuality "1"]

1. c4 b6 2. d4 e6 3. Nc3 Bb7 4. e4 Bb4 5. Qc2 Qh4 6. Bd3 f5 7. g3 Qh5 8. Be2 Qf7 9. Bf3 Nc6 10. Be3 fxe4 11. Bxe4 Nf6 12. Bf3 0-0 13. h3 Na5 14. Bxb7 Nxb7 15. Nge2 Nd6 16. Qd3 Rab8 17. 0-0 Bxc3 18. Nxc3 Qh5 19. Kg2 b5 20. cxb5 Nxb5 21. Rab1 Nxc3 22. bxc3 Rxb1 23. Qxb1 Qd5+ 24. f3 Qc4 25. Qb2 Nd5 26. Bd2 Qd3 27. Rf2 Nb6 28. Qb3 Rf5 29. Bf4 Rb5 30. Qc2 Qc4 31. Qe2 Qxe2 32. Rxe2 Na4 33. Bd2 Rb2 34. Kf2 Rxa2 35. c4 Nb6 36. c5 Nd5 37. Be1 Ra4 38. Rd2 a5 39. Rd3 Ra2+ 40. Rd2 Ra4 41. Ke2 Kf7 42. Kd3 Ra3+ 43. Ke2 a4 44. Rc2 Rb3 45. Bd2 a3 46. Rc4 Ne7 47. h4 Nc6 48. Rc3 a2 49. Rxb3 a1Q 50. Rb7 Qa6+ 0-1

[Event "Montigny le Bretonneux Noel op 10th"]
[Site "Montigny le Bretonneux"]
[Date "2007.11.03"]
[Round "8"]
[White "Simon, Benoit"]
[Black "Heimann, Udo"]
[Result "1-0"]
[WhiteElo "1878"]
[BlackElo "1919"]
[PlyCount "71"]
[EventDate "2007.12.26"]
[EventType "swiss"]
[EventRounds "7"]
[EventCountry "FRA"]
[SourceTitle "EXT 2008"]
[Source "ChessBase"]
[SourceDate "2007.11.25"]
[SourceVersion "1"]
[SourceVersionDate "2007.11.25"]
[SourceQuality "1"]

1. d4 Nf6 2. c4 e6 3. Bg5 Bb4+ 4. Bd2 Be7 5. Nc3 d5 6. e3 0-0 7. Nf3 a6 8. Rc1 dxc4 9. Bxc4 b5 10. Bd3 Bb7 11. Qc2 Bxf3 12. gxf3 Nbd7 13. Ne4 Rc8 14. Ba5 Nd5 15. a3 f5 16. Ng3 Qe8 17. Qc6 Rf6 18. Nxf5 N7b6 19. Qxe8+ Rxe8 20. Nxe7+ Rxe7 21. Ke2 e5 22. dxe5 Rxe5 23. Be4 c5 24. b3 Rc6 25. Rhd1 Rc8 26. Bxb6 Nxb6 27. Bb7 Rc7 28. Bxa6 c4 29. bxc4 bxc4 30. Rd6 c3 31. Rxb6 Ra5 32. Bd3 Rxa3 33. Rb4 Ra2+ 34. Rc2 Rxc2+ 35. Bxc2 Rd7 36. Rd4 1-0

[Event "Montigny le Bretonneux Noel op 10th"]
[Site "Montigny le Bretonneux"]
[Date "2007.11.01"]
[Round "6"]
[White "Simon, Benoit"]
[Black "Legrix, Jean Marie"]
[Result "1-0"]
[WhiteElo "1878"]
[BlackElo "1888"]
[PlyCount "168"]
[EventDate "2007.12.26"]
[EventType "swiss"]
[EventRounds "7"]
[EventCountry "FRA"]
[SourceTitle "EXT 2008"]
[Source "ChessBase"]
[SourceDate "2007.11.25"]
[SourceVersion "1"]
[SourceVersionDate "2007.11.25"]
[SourceQuality "1"]

1. d4 Nf6 2. c4 g6 3. Nc3 Bg7 4. e4 d6 5. Nf3 0-0 6. Qc2 Nc6 7. a3 e5 8. dxe5 dxe5 9. Be3 Qe7 10. Bg5 Be6 11. Be2 Nd4 12. Nxd4 exd4 13. Nd5 Bxd5 14. cxd5 Qxe4 15. Qxe4 Nxe4 16. Bf4 Rac8 17. 0-0 Rfd8 18. f3 Nf6 19. d6 cxd6 20. Rac1 Rc5 21. Rc4 Nd5 22. Bd2 Rdc8 23. Rfc1 Nb6 24. Rxc5 dxc5 25. b3 Kf8 26. Kf1 f5 27. Bd3 Ke7 28. a4 Kd6 29. Re1 Nd5 30. Bc4 Bf6 31. g3 a6 32. Kf2 Rc7 33. Re8 Re7 34. Rd8+ Rd7 35. Rxd7+ Kxd7 36. Bxd5 b5 37. axb5 axb5 38. Bg8 c4 39. bxc4 bxc4 40. Bxc4 g5 41. Ke2 h6 42. Bb4 h5 43. Bf7 h4 44. g4 fxg4 45. fxg4 h3 46. Kf2 Be5 47. Kg1 Bf4 48. Bc4 Be3+ 49. Kf1 Bf4 50. Bd5 Bxh2 51. Ke2 Bf4 52. Kd3 Be3 53. Bc5 Bg1 54. Bxd4 h2 55. Bf6 Kd6 56. Bf3 Ke6 57. Bxg5 Ke5 58. Ke2 Bc5 59. Kf1 Ke6 60. Bf4 Kf6 61. Kg2 Bg1 62. Bxh2 Be3 63. Be4 Kg5 64. Kf3 Bc1 65. Be5 Bd2 66. Bf5 Bc1 67. Ke4 Bd2 68. Kd5 Bc1 69. Ke6 Bd2 70. Bf6+ Kh6 71. Bd3 Bc1 72. Kf5 Kh7 73. g5 Bxg5 74. Kxg5+ Kg8 75. Bg6 Kf8 76. Bh5 Kg8 77. Be7 Kh7 78. Bf8 Kg8 79. Bh6 Kh7 80. Bg6+ Kg8 81. Kf6 Kh8 82. Bf5 Kg8 83. Kg6 Kh8 84. Bg7+ Kg8 1-0